[Event "2022 Fred Maris Cup (Division A)"]
[Site "Woodvale, Perth WA AUS"]
[Date "2022.07.20"]
[Round "6"]
[White "Roebuck, Derek"]
[Black "Doshi, Chirag"]
[Result "1/2-1/2"]
[WhiteElo "1822"]
[BlackElo "1825"]
[PlyCount "145"]
[EventDate "2022.06.15"]
[EventType "swiss"]
[EventRounds "6"]
[EventCountry "AUS"]

1. e4 c6 2. Nc3 d5 3. Nf3 Bg4 4. h3 Bxf3 5. Qxf3 d4 6. Ne2 e5 7. Ng3 Qf6 8. Qb3
b6 9. c3 Bc5 10. cxd4 Bxd4 11. Nf5 Ne7 12. Nxd4 exd4 13. Be2 O-O 14. Qg3 Nd7
15. d3 h6 16. O-O Ng6 17. Bd2 Nc5 18. Bb4 Rfe8 19. Bxc5 bxc5 20. f4 Qd8 21. b3
a5 22. f5 Ne5 23. f6 g6 24. Rf5 Qb8 25. Raf1 Kh7 26. Rh5 Nf3+ 27. Qxf3 gxh5 28.
Qf5+ Kg8 29. Qxc5 Qe5 30. Qc1 Qg5 31. Qxg5+ hxg5 32. Rf5 g4 33. hxg4 hxg4 34.
Rg5+ Kh7 35. Rg7+ Kh6 36. Rxf7 Rf8 37. Rxf8 Rxf8 38. Bxg4 Rxf6 39. Bf5 Kg5 40.
g4 Kf4 41. Kf2 Rf8 42. Kg2 Rg8 43. Kf2 c5 44. Be6 Rh8 45. Kg2 Rh7 46. a4 Ke3
47. Bc4 Kf4 48. Be6 Re7 49. Bc4 Kxg4 50. Kf2 Kf4 51. Kg2 Rg7+ 52. Kf2 Rg3 53.
Bb5 Rf3+ 54. Ke2 Kg3 55. Bc4 Re3+ 56. Kf1 Kf3 57. Bb5 Re2 58. Bc4 Rb2 59. Ke1
Re2+ 60. Kd1 Re3 61. Kd2 Kf2 62. Kd1 Re2 63. Bb5 Ra2 64. Bc4 Re2 65. Bb5 Kf3
66. Ba6 Re3 67. Bb5 Kf4 68. Kd2 Rh3 69. Ke2 Rh2+ 70. Kd1 Rh6 71. Ke2 Rh2+ 72.
Kd1 Ke3 73. Bc4 1/2-1/2

[Event "2022 Fred Maris Cup (Division A)"]
[Site "Woodvale, Perth WA AUS"]
[Date "2022.07.20"]
[Round "6"]
[White "Phillip, Stephen"]
[Black "Gough, Dylan"]
[Result "1-0"]
[WhiteElo "1840"]
[BlackElo "1710"]
[PlyCount "109"]
[EventDate "2022.06.15"]
[EventType "swiss"]
[EventRounds "6"]
[EventCountry "AUS"]

1. d4 Nf6 2. c4 e6 3. g3 d5 4. Bg2 c6 5. Qc2 Bb4+ 6. Bd2 Na6 7. Nf3 dxc4 8. O-O
Bxd2 9. Nbxd2 O-O 10. Qxc4 Qb6 11. a3 Nc7 12. b4 Qb5 13. Rfc1 Nfd5 14. e4 Nf6
15. Qxb5 Nxb5 16. a4 Nc7 17. b5 Bd7 18. Ne5 Rfd8 19. Nb3 Nxb5 20. axb5 cxb5 21.
Rc7 Be8 22. Rxb7 a5 23. Rxa5 Rxa5 24. Nxa5 Ra8 25. Nb3 Ra3 26. Nd2 Ra2 27. Nef3
Kf8 28. Bf1 Bc6 29. Rb8+ Ke7 30. Ne5 Rxd2 31. Nxc6+ Kd6 32. e5+ Kxc6 33. exf6
gxf6 34. Bxb5+ Kd6 35. Rh8 Ke7 36. Rxh7 Rxd4 37. Kg2 Rd5 38. Be2 Kf8 39. Rh4
Re5 40. Bf3 Rc5 41. Ra4 Kg7 42. h4 f5 43. Ra7 Kg6 44. Ra8 e5 45. Rg8+ Kh7 46.
Rg5 f6 47. Rxf5 Kg7 48. Be4 Rc4 49. f3 Rb4 50. Kh3 Rb6 51. Kg4 Kh6 52. Rh5+ Kg7
53. Rh7+ Kg8 54. Rb7 Rd6 55. Kf5 1-0

[Event "2022 Fred Maris Cup (Division A)"]
[Site "Woodvale, Perth WA AUS"]
[Date "2022.07.20"]
[Round "6"]
[White "List, Ross"]
[Black "Bhatia, Abhay"]
[Result "1/2-1/2"]
[WhiteElo "1755"]
[BlackElo "1668"]
[PlyCount "73"]
[EventDate "2022.06.15"]
[EventType "swiss"]
[EventRounds "6"]
[EventCountry "AUS"]

1. d4 d5 2. c4 e6 3. Nc3 Nf6 4. cxd5 exd5 5. Bg5 Be6 6. e3 Bb4 7. Qa4+ Nc6 8.
Bd3 Bxc3+ 9. bxc3 O-O 10. Nf3 a6 11. O-O h6 12. Bh4 g5 13. Bg3 Ne4 14. Qc2 f5
15. a4 h5 16. h3 h4 17. Bh2 g4 18. hxg4 fxg4 19. Bxe4 dxe4 20. Ne5 Qg5 21. Bf4
Rxf4 22. exf4 Qxf4 23. Rae1 Nxe5 24. dxe5 Bf5 25. Qc1 Qxe5 26. Qg5+ Kf7 27.
Qh5+ Kg7 28. Qg5+ Kf8 29. Qh6+ Kf7 30. Qh5+ Kf6 31. Qxh4+ Kg6 32. Qg3 Qg7 33.
Re3 Rh8 34. f3 exf3 35. Rexf3 Rh5 36. Re3 Qh6 37. Rfe1 1/2-1/2

[Event "2022 Fred Maris Cup (Division A)"]
[Site "Woodvale, Perth WA AUS"]
[Date "2022.07.20"]
[Round "6"]
[White "Garang, Kuol Awan"]
[Black "Janceski, Alex"]
[Result "0-1"]
[WhiteElo "1645"]
[BlackElo "1930"]
[PlyCount "100"]
[EventDate "2022.06.15"]
[EventType "swiss"]
[EventRounds "6"]
[EventCountry "AUS"]

1. e4 c5 2. f4 e6 3. Nf3 a6 4. c3 b5 5. Na3 Bb7 6. d3 d6 7. Be2 Nd7 8. O-O Ngf6
9. Kh1 Be7 10. Be3 h6 11. Qd2 Ng4 12. Bg1 O-O 13. h3 Ngf6 14. Rad1 Qc7 15. Bh2
Rad8 16. Qc2 Qc8 17. c4 b4 18. Nb1 a5 19. Qa4 Qc7 20. Nbd2 Nb6 21. Qxa5 Ra8 22.
Qxa8 Rxa8 23. Ra1 Na4 24. e5 dxe5 25. Nxe5 Bd6 26. a3 bxa3 27. Rxa3 Nxb2 28.
Rxa8+ Bxa8 29. Ra1 Bb7 30. Ra2 Qb6 31. Kg1 Qb4 32. Nef3 Nd7 33. g4 Nb6 34. Ra7
N6a4 35. Ne4 Bb8 36. Rxa4 Nxa4 37. f5 Bxh2+ 38. Kxh2 exf5 39. Nd6 fxg4 40. hxg4
Nc3 41. Nxb7 Qxb7 42. Ne5 Nxe2 43. g5 Qc7 44. gxh6 Qxe5+ 45. Kg2 g5 46. Kf3 f5
47. h7+ Kxh7 48. Kf2 Nd4 49. Kg1 Qe2 50. Kh1 Nf3 0-1

[Event "2022 Fred Maris Cup (Division B)"]
[Site "Woodvale, Perth WA AUS"]
[Date "2022.07.20"]
[Round "5"]
[White "Davis, Geoff"]
[Black "Knight, Charles"]
[Result "0-1"]
[WhiteElo "1532"]
[BlackElo "1445"]
[PlyCount "86"]
[EventDate "2022.06.15"]
[EventType "tourn"]
[EventRounds "5"]
[EventCountry "AUS"]

1. Nf3 d5 2. d4 Bf5 3. e3 e6 4. c4 c6 5. a3 Nd7 6. Nc3 Ngf6 7. Be2 Bd6 8. O-O
O-O 9. b4 dxc4 10. Bxc4 b5 11. Bd3 Bxd3 12. Qxd3 Qc7 13. Bb2 Rad8 14. Rac1 Qb8
15. g3 Rfe8 16. e4 e5 17. d5 c5 18. bxc5 Nxc5 19. Qe2 a6 20. Nd2 Rc8 21. Rb1 h6
22. Kg2 Qa7 23. f3 Qd7 24. Nd1 Na4 25. Ne3 Nxb2 26. Rxb2 Rc3 27. Rb3 Rxb3 28.
Nxb3 Rc8 29. Qb2 b4 30. axb4 Bxb4 31. Rc1 Rxc1 32. Nxc1 Bc5 33. Nc2 Nh5 34. Nd3
Bd6 35. Nxe5 Qc7 36. f4 f6 37. Nd3 Qc4 38. Nf2 Qe2 39. Qc3 Kh7 40. Nd4 Qa2 41.
Nf3 Bxf4 42. gxf4 Nxf4+ 43. Kh1 Qxf2 0-1

[Event "2022 Fred Maris Cup (Division C)"]
[Site "Woodvale, Perth WA AUS"]
[Date "2022.07.20"]
[Round "5"]
[White "Massam, Justin"]
[Black "Sowden, Miles"]
[Result "1-0"]
[WhiteElo "1442"]
[BlackElo "1510"]
[PlyCount "101"]
[EventDate "2022.06.15"]
[EventType "tourn"]
[EventRounds "5"]
[EventCountry "AUS"]

1. d4 d5 2. Nf3 Nf6 3. Bf4 e6 4. Nbd2 Bd6 5. e3 Bxf4 6. exf4 O-O 7. Bd3 h6 8.
O-O Nbd7 9. c3 c5 10. Ne5 c4 11. Bc2 Nxe5 12. fxe5 Nd7 13. Qg4 f5 14. exf6 Qxf6
15. Nf3 e5 16. Qh5 Qf7 17. Qxf7+ Rxf7 18. Nxe5 Nxe5 19. dxe5 Bf5 20. Bxf5 Rxf5
21. f4 Kf8 22. g4 Rf7 23. Rad1 Rd8 24. e6 Rc7 25. f5 Ke7 26. Rf4 a5 27. a4 Rc5
28. h4 b5 29. axb5 Rxb5 30. Rd2 a4 31. Rfd4 Ra5 32. Kf2 Rd6 33. Kf3 g6 34. fxg6
Kxe6 35. Re2+ Kf6 36. h5 Ra7 37. Kf4 a3 38. bxa3 Rxa3 39. Re3 Ra1 40. Rg3 Ra7
41. g5+ hxg5+ 42. Rxg5 Kg7 43. Rgxd5 Rxd5 44. Rxd5 Ra3 45. Rd7+ Kg8 46. h6 Ra8
47. Rc7 Rf8+ 48. Kg5 Rd8 49. h7+ Kh8 50. Kh6 Rd7 51. Rc8+ 1-0

[Event "2022 Fred Maris Cup (Division C)"]
[Site "Woodvale, Perth WA AUS"]
[Date "2022.07.20"]
[Round "5"]
[White "Brooke, John"]
[Black "Leech, Martin"]
[Result "0-1"]
[WhiteElo "1346"]
[BlackElo "1476"]
[PlyCount "60"]
[EventDate "2022.06.15"]
[EventType "tourn"]
[EventRounds "5"]
[EventCountry "AUS"]

1. d4 d5 2. Nf3 Nf6 3. Bf4 e6 4. e3 c5 5. Bb5+ Bd7 6. Be2 Nc6 7. O-O Be7 8. Nc3
O-O 9. h3 cxd4 10. Nxd4 Nxd4 11. Qxd4 a6 12. Be5 Rc8 13. Rfc1 Bc5 14. Qd2 Bc6
15. Bd4 Bd6 16. Nd1 Ne4 17. Qe1 Qg5 18. Bf3 e5 19. Bb6 d4 20. Bxe4 Bxe4 21. Qf1
Rc6 22. Ba5 Bc5 23. Bd2 Rg6 24. g3 Qf6 25. c3 Qf3 26. Kh2 Rxg3 27. cxd4 Rg2+
28. Kh1 Rxf2+ 29. Kg1 Rxf1+ 30. Kh2 Qg2# 0-1

[Event "2022 Fred Maris Cup (Division D)"]
[Site "Woodvale, Perth WA AUS"]
[Date "2022.07.20"]
[Round "5"]
[White "Lanham, Bruce"]
[Black "Gough, Sebastian"]
[Result "1-0"]
[WhiteElo "1168"]
[BlackElo "1050"]
[PlyCount "97"]
[EventDate "2022.06.15"]
[EventType "tourn"]
[EventRounds "5"]
[EventCountry "AUS"]

1. d4 d5 2. Nf3 b6 3. g3 Bb7 4. Bg2 Nf6 5. c4 Nbd7 6. Nc3 dxc4 7. O-O g6 8. Qa4
Bg7 9. Ne5 Bxg2 10. Kxg2 O-O 11. e3 Nxe5 12. dxe5 Nd5 13. Rd1 e6 14. Qxc4 Bxe5
15. Nxd5 exd5 16. Qxd5 Qxd5+ 17. Rxd5 Bg7 18. Rb1 Rad8 19. Rd2 Rxd2 20. Bxd2 a5
21. b3 Rd8 22. Rd1 Bc3 23. Rc1 Bxd2 24. Rxc7 Rd6 25. Rc4 Rd5 26. Rd4 Rxd4 27.
exd4 Bb4 28. Kf3 Kf8 29. Ke4 f5+ 30. Kf4 b5 31. Ke5 Ke7 32. Kd5 a4 33. Kc6 axb3
34. axb3 Bd6 35. Kxb5 Kd7 36. d5 Kc7 37. b4 Bxb4 38. Kxb4 Kd6 39. Kc4 g5 40. f3
h5 41. h3 f4 42. g4 hxg4 43. hxg4 Kd7 44. Kc5 Kc7 45. d6+ Kd7 46. Kd5 Ke8 47.
Ke6 Kd8 48. d7 Kc7 49. Ke7 1-0

[Event "2022 Fred Maris Cup (Division D)"]
[Site "Woodvale, Perth WA AUS"]
[Date "2022.07.20"]
[Round "5"]
[White "Watson, Jake"]
[Black "Powell, Darren"]
[Result "0-1"]
[WhiteElo "1085"]
[BlackElo "1232"]
[PlyCount "120"]
[EventDate "2022.06.15"]
[EventType "tourn"]
[EventRounds "5"]
[EventCountry "AUS"]

1. e4 e5 2. Nf3 Nc6 3. c3 d6 4. h3 Nf6 5. d4 Qe7 6. Bb5 Bd7 7. d5 Nd8 8. Qa4 c6
9. Bc4 b5 10. Bxb5 cxb5 11. Qa6 h6 12. Nh4 g6 13. Na3 Nxe4 14. Nxb5 Bxb5 15.
Qxb5+ Qd7 16. Qxd7+ Kxd7 17. O-O Be7 18. Re1 Nc5 19. Nf3 f5 20. Be3 Ndb7 21. b4
Nd3 22. Red1 e4 23. Nd2 Bf6 24. Rab1 Bxc3 25. a3 g5 26. g3 Bxd2 27. Bxd2 f4 28.
gxf4 gxf4 29. f3 Rag8+ 30. Kf1 Rg3 31. fxe4 Rhg8 32. Ke2 Rxh3 33. Rb3 Re8 34.
Rxd3 Rxe4+ 35. Be3 Rhxe3+ 36. Rxe3 Rxe3+ 37. Kf2 Rxa3 38. Rd4 f3 39. Rh4 a5 40.
Rxh6 axb4 41. Rh7+ Kc8 42. Rh8+ Kd7 43. Rh7+ Kc8 44. Rh8+ Nd8 45. Rh4 b3 46.
Rc4+ Kd7 47. Rb4 Nf7 48. Kxf3 Ne5+ 49. Ke4 Ke7 50. Kd4 Nf3+ 51. Kc4 Ne5+ 52.
Kb5 Nd3 53. Re4+ Kd7 54. Rh4 b2 55. Rh7+ Ke8 56. Kc6 b1=Q 57. Rh8+ Kf7 58. Rh7+
Kg6 59. Rd7 Ra6+ 60. Kc7 Qb6+ 0-1

[Event "2022 Fred Maris Cup (Division E)"]
[Site "Woodvale, Perth WA AUS"]
[Date "2022.07.20"]
[Round "5"]
[White "Overste, Brian"]
[Black "Rennie, Mike"]
[Result "1-0"]
[WhiteElo "898"]
[BlackElo "880"]
[PlyCount "96"]
[EventDate "2022.06.15"]
[EventType "tourn"]
[EventRounds "5"]
[EventCountry "AUS"]

1. e4 e5 2. c4 d5 3. Nc3 Nf6 4. d3 Bg4 5. Be2 Nc6 6. Bxg4 Nxg4 7. Qxg4 Nd4 8.
Qd1 g5 9. Nf3 Bh6 10. Nxd4 exd4 11. Ne2 O-O 12. Nxd4 Qf6 13. Nf5 Bg7 14. O-O
Rfe8 15. Be3 Qxb2 16. Bxg5 Qxa1 17. Qg4 Qe5 18. Bh6 Qf6 19. Bxg7 Qg6 20. Nh6+
Kxg7 21. Nf5+ Kf6 22. Qh4+ Ke5 23. d4+ Ke6 24. Qh3 Kd7 25. Nh4+ Qe6 26. Nf5
Qxe4 27. Ng7+ Re6 28. cxd5 Qg6 29. dxe6+ fxe6 30. Nh5 Qf5 31. g4 Qg6 32. f4 Qc2
33. Rf2 Qc4 34. g5 Rf8 35. Nf6+ Kd6 36. Qf3 Ke7 37. Nxh7 Qc1+ 38. Rf1 Qc4 39.
Rf2 Rf7 40. Nf6 Rg7 41. h4 Qxd4 42. Kh2 e5 43. Rc2 Kd6 44. Ne8+ Ke7 45. Nxg7
exf4 46. Nf5+ Ke6 47. Nxd4+ Kd6 48. Qxf4+ Kd7 1-0

[Event "2022 Fred Maris Cup (Division E)"]
[Site "Woodvale, Perth WA AUS"]
[Date "2022.07.20"]
[Round "5"]
[White "De Vas, Senudi"]
[Black "Kwenda, Ridge"]
[Result "1-0"]
[WhiteElo "1050"]
[BlackElo "969"]
[PlyCount "69"]
[EventDate "2022.06.15"]
[EventType "tourn"]
[EventRounds "5"]
[EventCountry "AUS"]

1. d4 d5 2. c4 dxc4 3. e3 b5 4. a4 c6 5. axb5 cxb5 6. Qf3 e6 7. Qxa8 Bb4+ 8.
Bd2 a5 9. Qxb8 Qd7 10. b3 Ne7 11. bxc4 O-O 12. Bxb4 axb4 13. Qxb5 Qd6 14. c5
Qd5 15. Qxb4 Nc6 16. Qc4 Qe4 17. Nf3 h6 18. Bd3 Qg4 19. Rg1 Re8 20. d5 exd5 21.
Qxd5 Bb7 22. Qb3 Nb4 23. Bc4 Bd5 24. Bxd5 Nxd5 25. Qxd5 Qb4+ 26. Nbd2 Qb2 27.
Ra8 Rxa8 28. Qxa8+ Kh7 29. Qe4+ Kg8 30. Qe8+ Kh7 31. Qe5 Qc1+ 32. Ke2 f6 33.
Qd4 Qa3 34. c6 Qa6+ 35. Qc4 1-0